000 00395nam a2200145Ia 4500
008 231129s2003||||xx |||||||||||||| ||spa||
020 _a958-8160-36-7
040 _bspa
082 _aCo864 C112ha
100 _aCaballero Calderón Eduardo
245 0 _aHablamientos y pensadurí­as
260 _c2003
264 _aVillegas Editores
942 _2ddc
_cBKS
999 _c14844
_d14844